000 00681nam a2200181Ia 4500
008 100921s9999 xx 000 0 und d
082 _b39481
_a891.463 न 04
100 _aआचार्य नयना.
245 _aमाझ्या मनातला रावा.
260 _bपार्टनर प्रकाशन, मुंबई.
_c2004
300 _a188
_bकलाभारती वितरण,पुणे
365 _b180
520 _aललित-कथा.
630 _aमाझ्या मनातला रावा.
650 _aललित-कथा.
730 _aमाझ्या मनातला रावा.
942 _cBOOK
999 _c788594
_d788591